| 000 | 00471nam a22001937a 4500 | ||
|---|---|---|---|
| 003 | MPLRDC | ||
| 005 | 20220104113919.0 | ||
| 008 | 210129b ||||| |||| 00| 0 eng d | ||
| 020 | _a957-9546-32-0 | ||
| 082 | _a848.2 LQX-2 v.3 | ||
| 100 | _a林清玄著 | ||
| 245 |
_a越过沧桑 _c |
||
| 250 | _a初版 | ||
| 260 |
_a _b健行文化出版事业有限 _c1992 |
||
| 300 | _b平 | ||
| 490 | _a生活丛书;32 | ||
| 650 | _a现代别集 | ||
| 942 |
_cBK _o848.2 LQX-2 v.3 |
||
| 999 |
_c3336 _d3326 |
||